[Event "Xtracon Chess Open 2016"]
[Site "Elsinore"]
[Date "2016.07.24"]
[Round "3.159"]
[White "Narheim, Mats"]
[Black "Opasiak, Dustin Tennessee"]
[Result "0-1"]
[WhiteElo "1467"]
[BlackElo "1807"]
[PlyCount "64"]
[EventDate "2016.07.23"]

1. e4 e6 2. d3 d5 3. Qe2 d4 4. Nf3 Nc6 5. g3 Bc5 6. Bg2 Nge7 7. O-O e5 8. Nbd2
f6 9. Nh4 Be6 10. f4 Qd7 11. f5 Bf7 12. Nb3 Bb6 13. Bd2 O-O-O 14. a4 a6 15. a5
Ba7 16. Nc1 Qd6 17. Rb1 Qc5 18. b4 Qxc2 19. Nb3 Bc4 20. Nc5 Bxc5 21. bxc5 Bxd3
22. Qf2 Bxf1 23. Rxf1 Qxc5 24. Rb1 Nxa5 25. Bb4 Qb6 26. Qa2 d3+ 27. Kh1 d2 28.
Bxd2 Rxd2 29. Qa1 Qd4 30. Qa3 Rd1+ 31. Rxd1 Qxd1+ 32. Bf1 Qxf1# 0-1

[Event "Xtracon Chess Open 2016"]
[Site "Elsinore"]
[Date "2016.07.24"]
[Round "3.160"]
[White "Nielsen, Jens Holm"]
[Black "Yilmaz, Kazim"]
[Result "0-1"]
[WhiteElo "1801"]
[BlackElo "1542"]
[PlyCount "54"]
[EventDate "2016.07.23"]

1. Nc3 Nc6 2. e4 e5 3. Nf3 Nf6 4. d4 Nxd4 5. Nxd4 exd4 6. Qxd4 c5 7. Qe5+ Qe7
8. Qxe7+ Bxe7 9. Be2 d6 10. O-O O-O 11. Nd5 Nxd5 12. exd5 Bf5 13. c4 Bf6 14.
Rd1 Rfe8 15. Bf1 Bd4 16. h3 Re7 17. a4 Rae8 18. Ra3 Re1 19. Rxe1 Rxe1 20. Bd2
Rd1 21. Be3 Bc2 22. Bxd4 cxd4 23. f3 d3 24. c5 dxc5 25. d6 Kf8 26. Kf2 Rxf1+
27. Kxf1 d2 0-1

[Event "Xtracon Chess Open 2016"]
[Site "Elsinore"]
[Date "2016.07.24"]
[Round "3.161"]
[White "Larsen, Alex"]
[Black "McAndrew, Robert"]
[Result "0-1"]
[WhiteElo "1442"]
[BlackElo "1939"]
[PlyCount "88"]
[EventDate "2016.07.23"]

1. e4 c5 2. Bc4 e6 3. Nf3 a6 4. O-O Qc7 5. a3 Nc6 6. c3 Nf6 7. d3 Be7 8. Bg5 h6
9. Bh4 d6 10. Bg3 O-O 11. Nbd2 b5 12. Ba2 Bd7 13. Re1 Nh5 14. Nf1 g6 15. Qd2
Kh7 16. Re3 g5 17. Bb3 Nf4 18. h4 Ne5 19. Nxe5 dxe5 20. Bxf4 exf4 21. Rh3 g4
22. Rh1 c4 23. Bc2 cxd3 24. Qxd3 e5 25. Bb3 Rad8 26. Qc2 h5 27. Bd5 Qb6 28. g3
Be6 29. Re1 Kg7 30. b4 Rc8 31. Qb2 Rfd8 32. gxf4 exf4 33. c4+ f6 34. e5 Bxd5
35. cxd5 Rxd5 36. exf6+ Bxf6 37. Re7+ Kf8 38. Qb3 Rc4 39. Rh7 Qe6 40. Qb1 Qe4
41. Qxe4 Rxe4 42. Rc7 Rc4 43. Ra7 Rc6 44. f3 Bd4+ 0-1

[Event "Xtracon Chess Open 2016"]
[Site "Elsinore"]
[Date "2016.07.24"]
[Round "3.162"]
[White "Bluebaum, Johanna"]
[Black "Kvaloy, Aksel Bu"]
[Result "1-0"]
[WhiteElo "1939"]
[BlackElo "1533"]
[PlyCount "116"]
[EventDate "2016.07.23"]

1. d4 Nf6 2. c4 e5 3. dxe5 Ng4 4. Bf4 Nc6 5. Nf3 Bb4+ 6. Nbd2 Qe7 7. e3 Ngxe5
8. Nxe5 Nxe5 9. Be2 O-O 10. O-O a5 11. Nf3 d6 12. Qc2 Nxf3+ 13. Bxf3 g5 14. Bg3
c6 15. Rad1 f5 16. a3 Bc5 17. Rfe1 Qf6 18. h3 f4 19. exf4 gxf4 20. Bh2 Qg5 21.
Kh1 Bf5 22. Qd2 Qh4 23. Re2 Bg6 24. b4 axb4 25. axb4 Bb6 26. Qe1 Bh5 27. Bxh5
Qxh5 28. Re7 f3 29. Qf1 Kh8 30. g4 Qh4 31. Bxd6 Ra2 32. Be5+ Rf6 33. Rf7 Kg8
34. Bxf6 Qh6 35. Rdd7 Rxf2 36. Rg7+ Kf8 37. Rdf7+ Ke8 38. Qe1+ Be3 39. Qxe3+
Qxe3 40. Re7+ Qxe7 41. Rxe7+ Kf8 42. Kg1 Rc2 43. Rxh7 Rxc4 44. Kf2 Rc1 45. Rxb7
Rh1 46. h4 Rb1 47. g5 Ke8 48. Kxf3 c5 49. Re7+ Kf8 50. bxc5 Rb3+ 51. Kg4 Rb4+
52. Kh5 Rc4 53. Rc7 Ke8 54. g6 Rf4 55. Re7+ Kf8 56. g7+ Kg8 57. Re8+ Kf7 58.
g8=Q+ Kxf6 1-0

[Event "Xtracon Chess Open 2016"]
[Site "Elsinore"]
[Date "2016.07.24"]
[Round "3.163"]
[White "Tryggestad, Linnea Garberg"]
[Black "Stam, Bart"]
[Result "0-1"]
[WhiteElo "1525"]
[BlackElo "1929"]
[PlyCount "50"]
[EventDate "2016.07.23"]

1. d4 Nf6 2. Bg5 c5 3. Bxf6 exf6 4. c3 d5 5. e3 Nc6 6. Qc2 cxd4 7. exd4 Be6 8.
Nf3 Rc8 9. Bb5 Bd6 10. O-O O-O 11. Bxc6 Rxc6 12. h3 Qd7 13. Nbd2 Bxh3 14. Rfe1
Qg4 15. g3 Bxg3 16. Kh1 Bxf2 17. Rg1 Bxg1 18. Rxg1 Qf4 19. Qd1 Re8 20. Nh2 f5
21. Ndf3 Rh6 22. Qa4 Qb8 23. Qd7 Rd6 24. Qa4 Re2 25. Ng5 Rxh2+ 0-1

[Event "Xtracon Chess Open 2016"]
[Site "Elsinore"]
[Date "2016.07.24"]
[Round "3.164"]
[White "Skjoldager, Flemming"]
[Black "Gaure, Sigurd Lauvas"]
[Result "1-0"]
[WhiteElo "1926"]
[BlackElo "1514"]
[PlyCount "43"]
[EventDate "2016.07.23"]

1. Nf3 d5 2. e3 c5 3. d4 e6 4. b3 Nf6 5. Bb2 Be7 6. Bd3 O-O 7. O-O Nbd7 8. Nbd2
b6 9. c4 Bb7 10. cxd5 Nxd5 11. Rc1 cxd4 12. exd4 Nb4 13. Bb1 Ba6 14. Nc4 b5 15.
Ne3 Nb6 16. Re1 Rc8 17. Qe2 Qd7 18. Ng4 Qb7 19. a3 N4d5 20. Qe4 g6 21. Qe5 Nd7
22. Nh6# 1-0

[Event "Xtracon Chess Open 2016"]
[Site "Elsinore"]
[Date "2016.07.24"]
[Round "3.165"]
[White "Klitgaard, Ebbe"]
[Black "Skjolingstad, Sverre"]
[Result "1-0"]
[WhiteElo "1914"]
[BlackElo "1509"]
[PlyCount "43"]
[EventDate "2016.07.23"]

1. d4 Nf6 2. c4 c5 3. d5 b5 4. b3 g6 5. Bb2 Bg7 6. Nf3 O-O 7. g3 d6 8. Bg2 Nbd7
9. O-O Bb7 10. Nbd2 b4 11. Qc2 e5 12. dxe6 fxe6 13. Ng5 Bxg2 14. Nxe6 Qe8 15.
Nxf8 Bxf1 16. Nxd7 Qxd7 17. Nxf1 Rf8 18. Rd1 Qc6 19. f3 d5 20. Bxf6 Bxf6 21.
cxd5 Qb6 22. Kg2 1-0

[Event "Xtracon Chess Open 2016"]
[Site "Elsinore"]
[Date "2016.07.24"]
[Round "3.166"]
[White "Lunde, Sigmund"]
[Black "Wadtland, Flemming"]
[Result "1-0"]
[WhiteElo "1894"]
[BlackElo "1504"]
[PlyCount "105"]
[EventDate "2016.07.23"]

1. e4 e5 2. Nf3 Nc6 3. Bc4 Bc5 4. O-O Nf6 5. Nc3 O-O 6. d3 Re8 7. Ng5 Rf8 8.
Na4 Be7 9. f4 Na5 10. fxe5 Nxc4 11. exf6 Bxf6 12. Nxh7 Kxh7 13. Qh5+ Kg8 14.
dxc4 d6 15. Bd2 Re8 16. Rae1 Qd7 17. Nc3 Qg4 18. Qd5 Re5 19. Qd3 Bd7 20. Nd5
Bg5 21. Bc3 Rxd5 22. Qxd5 Be6 23. Qxb7 Rd8 24. b3 Rd7 25. Qxa7 Bh4 26. Qe3 Bxe1
27. Rxe1 c6 28. Qf3 d5 29. cxd5 Qxf3 30. gxf3 cxd5 31. Kf2 d4 32. Bb2 Rd8 33.
Rd1 Rc8 34. Rd2 f5 35. Bxd4 Rd8 36. Ke3 Rd7 37. c4 fxe4 38. fxe4 Rb7 39. Bc5
Kf7 40. Bd6 Kf6 41. Rf2+ Kg6 42. Kd4 Rd7 43. Kc5 Ra7 44. b4 Ra8 45. Kd4 Ra4 46.
Rb2 Bf7 47. c5 Bxa2 48. Ke5 Bc4 49. c6 Bb5 50. Kd5 Ra6 51. Rc2 Ra8 52. Rc5 Ba6
53. Ra5 1-0

[Event "Xtracon Chess Open 2016"]
[Site "Elsinore"]
[Date "2016.07.24"]
[Round "3.167"]
[White "Shehzad, Alisha"]
[Black "Marthedal, Anton Mehmet Yildiz"]
[Result "0-1"]
[WhiteElo "1514"]
[BlackElo "1891"]
[PlyCount "116"]
[EventDate "2016.07.23"]

1. e4 c6 2. d4 d5 3. e5 c5 4. c3 Nc6 5. Be2 cxd4 6. cxd4 Qb6 7. Nf3 Bg4 8. b3
Bxf3 9. Bxf3 Qxd4 10. Qxd4 Nxd4 11. O-O e6 12. Nc3 Bb4 13. Bb2 Nxf3+ 14. gxf3
Bxc3 15. Bxc3 Ne7 16. Rac1 Kd7 17. Bb4 Nf5 18. f4 Rhc8 19. Bc3 Rc6 20. Kg2 Rac8
21. Bb2 Rxc1 22. Rxc1 Rxc1 23. Bxc1 Kc6 24. Kf3 Kc5 25. Bb2 a5 26. Bc3 a4 27.
Ke2 axb3 28. axb3 Nd4+ 29. Kd3 Nxb3 30. f3 d4 31. Be1 Kd5 32. h4 h5 33. Bf2
Nc5+ 34. Kd2 Kc4 35. Kc2 b5 36. Kd2 b4 37. Bg1 b3 38. Kc1 Nd3+ 39. Kb1 Nxf4 40.
Kb2 Nd3+ 41. Kb1 Nxe5 42. f4 Ng6 43. Bf2 Nxf4 44. Bg1 e5 45. Kb2 d3 46. Be3 Ng2
47. Bd2 Nxh4 48. Be3 e4 49. Bd2 f5 50. Be3 Nf3 51. Kc1 h4 52. Bf4 h3 53. Kb2 g5
54. Bc1 h2 55. Bxg5 Nxg5 56. Ka3 h1=Q 57. Kb2 Qg2+ 58. Ka3 Qa2# 0-1

[Event "Xtracon Chess Open 2016"]
[Site "Elsinore"]
[Date "2016.07.24"]
[Round "3.168"]
[White "Cithu, Arun Vijay"]
[Black "Madison, Sigurd"]
[Result "0-1"]
[WhiteElo "1501"]
[BlackElo "1846"]
[PlyCount "132"]
[EventDate "2016.07.23"]

1. e4 e5 2. Nf3 Nc6 3. d4 exd4 4. Bc4 d6 5. c3 Ne5 6. Nxe5 dxe5 7. Qb3 Qe7 8.
O-O c6 9. cxd4 exd4 10. Re1 b5 11. Bd3 Be6 12. Qd1 Qb7 13. Bf4 Bc5 14. Nd2 Rd8
15. Rc1 Bd6 16. e5 Bb4 17. a3 Ba5 18. b4 Bb6 19. Ne4 Bc7 20. Nc5 Qb6 21. Nxe6
fxe6 22. Qc2 Ne7 23. Bg5 h6 24. Bxe7 Kxe7 25. Qxc6 Qxc6 26. Rxc6 Bb6 27. Bxb5
d3 28. Rd6 Rhf8 29. Rxd8 Bxf2+ 30. Kh1 Rxd8 31. Rd1 d2 32. g3 Be3 33. a4 g5 34.
g4 Rd4 35. h3 Rxb4 36. Kg2 Re4 37. Kf3 Rxe5 38. Bc6 Bf4 39. Kf2 Rc5 40. Bb5 Rc3
41. Kg2 Rg3+ 42. Kf2 Rxh3 43. Be2 Rb3 44. Rh1 Bg3+ 45. Kg2 Re3 46. Kf1 Bh4 47.
a5 e5 48. a6 e4 49. Rh2 Ra3 50. Bd1 e3 51. Ke2 Bg3 52. Rxh6 Bf4 53. Rh7+ Kd6
54. Rxa7 Kc5 55. Rf7 Rxa6 56. Rg7 Kc6 57. Rh7 Ra1 58. Rh6+ Kc5 59. Re6 Kd5 60.
Rh6 Kd4 61. Re6 Ra7 62. Rh6 Rf7 63. Rh8 Bd6 64. Bb3 Rf2+ 65. Kd1 Kc3 66. Ba4
e2# 0-1

[Event "Xtracon Chess Open 2016"]
[Site "Elsinore"]
[Date "2016.07.24"]
[Round "3.169"]
[White "Jensen, Jonbert"]
[Black "Sather, Lars"]
[Result "0-1"]
[WhiteElo "1492"]
[BlackElo "1799"]
[PlyCount "116"]
[EventDate "2016.07.23"]

1. d4 Nf6 2. c4 e6 3. Nc3 Bb4 4. Nf3 b6 5. g3 Bb7 6. Bg2 O-O 7. O-O Bxc3 8.
bxc3 d6 9. Re1 Nbd7 10. Qc2 Rc8 11. Bg5 h6 12. Bxf6 Nxf6 13. Nd2 Bxg2 14. Kxg2
Qd7 15. e4 e5 16. Rad1 Qe8 17. f3 Nh7 18. Nf1 Ng5 19. Rd3 Qe6 20. d5 Qh3+ 21.
Kh1 f5 22. Qg2 Qxg2+ 23. Kxg2 fxe4 24. fxe4 Rf6 25. h4 Nh7 26. Ree3 g5 27. Rf3
g4 28. Rxf6 Nxf6 29. Re3 h5 30. Nd2 Nd7 31. Re1 Rf8 32. a3 Nc5 33. Re3 Na4 34.
Kg1 Rf7 35. Kg2 Kf8 36. Nb1 Nb2 37. Nd2 Ke7 38. Re1 Na4 39. Re3 Kd7 40. Nb1 Nb2
41. Nd2 Kc8 42. Re1 Nd3 43. Rf1 Rxf1 44. Kxf1 Nb2 45. Ke2 Kb7 46. Ke1 Ka6 47.
Ke2 Ka5 48. Nb1 Ka4 49. Kd2 Kb3 50. Kc1 Nxc4 51. Nd2+ Nxd2 52. Kxd2 b5 53. Kd3
a5 54. Kd2 Kxa3 55. Kc2 Ka2 56. Kc1 Kb3 57. Kd2 Kb2 58. Kd3 a4 0-1

[Event "Xtracon Chess Open 2016"]
[Site "Elsinore"]
[Date "2016.07.24"]
[Round "3.170"]
[White "Winther, Bjarke Rosenborg"]
[Black "Sidali, Elias Hulleberg"]
[Result "1-0"]
[WhiteElo "1786"]
[BlackElo "1491"]
[PlyCount "42"]
[EventDate "2016.07.23"]

1. e4 c5 2. Nf3 Nc6 3. d4 cxd4 4. Nxd4 g6 5. Be2 Bg7 6. Be3 Nf6 7. Nc3 O-O 8.
O-O d5 9. exd5 Nxd5 10. Nxd5 Qxd5 11. Bf3 Qd6 12. Nxc6 Qxd1 13. Nxe7+ Kh8 14.
Rfxd1 Bxb2 15. Rab1 Bf6 16. Nd5 Bg7 17. Nc7 Bf5 18. Nxa8 Bxc2 19. Nc7 Bxd1 20.
Rxd1 Rc8 21. Nb5 a6 1-0

[Event "Xtracon Chess Open 2016"]
[Site "Elsinore"]
[Date "2016.07.24"]
[Round "3.171"]
[White "Linjord, David Jess"]
[Black "Overmark, Ole"]
[Result "1-0"]
[WhiteElo "1488"]
[BlackElo "1775"]
[PlyCount "91"]
[EventDate "2016.07.23"]

1. c4 Nf6 2. Nc3 c5 3. Nf3 Nc6 4. d4 cxd4 5. Nxd4 g6 6. g3 Bg7 7. Bg2 O-O 8.
O-O a6 9. Nxc6 bxc6 10. Qc2 Bb7 11. Rd1 Qa5 12. Bf4 Rac8 13. a3 d6 14. b4 Qb6
15. Rab1 Rcd8 16. e4 Ng4 17. Na4 Qa7 18. h3 Ne5 19. Be3 Qb8 20. c5 Nd7 21. cxd6
exd6 22. Bf4 Ne5 23. Nb6 h6 24. Nc4 g5 25. Be3 d5 26. Nxe5 Bxe5 27. exd5 cxd5
28. Bd4 Rfe8 29. Bxe5 Rxe5 30. Rd4 Rde8 31. Rbd1 Re2 32. Qd3 Qe5 33. Bxd5 Bxd5
34. Rxd5 Qb2 35. Rd8 R2e6 36. Rxe8+ Rxe8 37. Qxa6 Qb3 38. Rd3 Qb1+ 39. Kg2 Re1
40. Rd8+ Kg7 41. Qd3 Rg1+ 42. Kf3 Qc1 43. Qd4+ f6 44. Qd7+ Kg6 45. Qe8+ Kf5 46.
Qe4# 1-0

[Event "Xtracon Chess Open 2016"]
[Site "Elsinore"]
[Date "2016.07.24"]
[Round "3.172"]
[White "Sebastian, Andreas"]
[Black "Amarapala, Anton"]
[Result "1-0"]
[WhiteElo "1754"]
[BlackElo "1487"]
[PlyCount "99"]
[EventDate "2016.07.23"]

1. e4 e5 2. Nf3 Nc6 3. Bc4 Nf6 4. d3 Bc5 5. c3 d6 6. O-O Bg4 7. h3 Bh5 8. Re1
Na5 9. Bb5+ Nc6 10. Nbd2 O-O 11. Nf1 d5 12. Bxc6 bxc6 13. Ng3 dxe4 14. Nxh5
exf3 15. Qxf3 Nxh5 16. Rxe5 Re8 17. Qxh5 Rxe5 18. Qxe5 Bb6 19. Qg3 Qf6 20. Be3
Re8 21. d4 a6 22. Re1 h5 23. Kh2 h4 24. Qg4 c5 25. dxc5 Bxc5 26. Bd4 Qd6+ 27.
g3 hxg3+ 28. fxg3 Qh6 29. Rxe8+ Bf8 30. Bc5 Qd2+ 31. Re2 Qd8 32. Bxf8 Qxf8 33.
Qa4 Kh7 34. Re8 Qd6 35. Qh4+ Kg6 36. Qe4+ Kf6 37. Qd4+ Kf5 38. Qxd6 cxd6 39.
Ra8 Ke4 40. Rxa6 d5 41. Rb6 f5 42. a4 d4 43. cxd4 Kxd4 44. a5 Kc5 45. b4+ Kd4
46. a6 g5 47. a7 f4 48. a8=Q Ke3 49. Re6+ Kf2 50. Qg2# 1-0

[Event "Xtracon Chess Open 2016"]
[Site "Elsinore"]
[Date "2016.07.24"]
[Round "3.173"]
[White "Nielsen, Jorgen Kamp"]
[Black "Jensen, Hans Askov"]
[Result "1-0"]
[WhiteElo "1727"]
[BlackElo "1469"]
[PlyCount "39"]
[EventDate "2016.07.23"]

1. d4 Nf6 2. Nf3 e6 3. e3 c5 4. c3 Nc6 5. Bd3 cxd4 6. cxd4 b6 7. O-O Bb7 8. a3
Bd6 9. Nbd2 Rc8 10. b4 a6 11. Bb2 b5 12. e4 Bc7 13. Rc1 O-O 14. Re1 Ne7 15. e5
Nfd5 16. Bxh7+ Kxh7 17. Ng5+ Kg6 18. Qg4 f5 19. Qg3 Rh8 20. Nxe6+ 1-0

[Event "Xtracon Chess Open 2016"]
[Site "Elsinore"]
[Date "2016.07.24"]
[Round "3.174"]
[White "Jarve, Edvin"]
[Black "Hein, Jacob"]
[Result "1-0"]
[WhiteElo "1716"]
[BlackElo "1447"]
[PlyCount "49"]
[EventDate "2016.07.23"]

1. d4 d5 2. c4 Nf6 3. cxd5 Nxd5 4. Nf3 Nc6 5. e4 Nb6 6. d5 Na5 7. Bd2 Nac4 8.
Bxc4 Bd7 9. Bd3 e6 10. Nc3 Bb4 11. dxe6 fxe6 12. O-O O-O 13. Qb3 a5 14. a3 Be7
15. Be3 Rxf3 16. gxf3 a4 17. Qd1 Bg5 18. f4 Bh6 19. Qg4 e5 20. f5 Bxe3 21. fxe3
Bxf5 22. Qxf5 Qxd3 23. Qf7+ Kh8 24. Qf8+ Rxf8 25. Rxf8# 1-0

[Event "Xtracon Chess Open 2016"]
[Site "Elsinore"]
[Date "2016.07.24"]
[Round "3.175"]
[White "Edwardsson, Hannu Kalervo"]
[Black "Petersen, Jan"]
[Result "0-1"]
[WhiteElo "1451"]
[BlackElo "1694"]
[PlyCount "68"]
[EventDate "2016.07.23"]

1. e4 e6 2. Nf3 d5 3. exd5 exd5 4. d4 Bg4 5. Qe2+ Be7 6. Be3 c6 7. Nc3 Nf6 8.
O-O-O Nbd7 9. h3 Bh5 10. g4 Bg6 11. Nh4 Nb6 12. Nxg6 hxg6 13. b3 Qd6 14. Nb1
O-O 15. Bd2 Ne4 16. Bg2 Nxd2 17. Nxd2 Qa3+ 18. Kb1 Bb4 19. c4 Rfe8 20. Qd3 Na4
21. Qc2 Nc3+ 22. Ka1 Nxd1 23. Rxd1 Qa5 24. Bf1 Bc3+ 25. Kb1 Bxd4 26. f3 Re3 27.
Bd3 Rae8 28. cxd5 Qxd5 29. Nc4 Rxf3 30. h4 Rf2 31. Nd2 Qg2 32. Be4 Qxg4 33. Qd3
Rxd2 34. Rxd2 Qxe4 0-1

[Event "Xtracon Chess Open 2016"]
[Site "Elsinore"]
[Date "2016.07.24"]
[Round "3.176"]
[White "Janse, Circe"]
[Black "Ornebjerg, Henrik"]
[Result "1-0"]
[WhiteElo "1427"]
[BlackElo "1687"]
[PlyCount "65"]
[EventDate "2016.07.23"]

1. e4 c5 2. Nf3 d6 3. d4 cxd4 4. Nxd4 Nf6 5. Nc3 a6 6. f3 e6 7. Be3 Be7 8. Qd2
O-O 9. O-O-O b5 10. g4 Nfd7 11. g5 Nc5 12. h4 b4 13. Nce2 a5 14. h5 Nbd7 15.
Nc6 Qe8 16. Nxe7+ Qxe7 17. Qxd6 Qxd6 18. Rxd6 Bb7 19. Ng3 Rac8 20. Bb5 Rc7 21.
Bxd7 Nxd7 22. Bf2 Rfc8 23. Kb1 Ne5 24. Rhd1 Kf8 25. Rd8+ Ke7 26. Rxc8 Rxc8 27.
f4 Nc4 28. Bd4 f6 29. gxf6+ gxf6 30. Kc1 a4 31. Rg1 h6 32. e5 f5 33. Nxf5+ 1-0

[Event "Xtracon Chess Open 2016"]
[Site "Elsinore"]
[Date "2016.07.24"]
[Round "3.177"]
[White "Joensson, Jacob"]
[Black "Eldor, Finn"]
[Result "1-0"]
[WhiteElo "1680"]
[BlackElo "1428"]
[PlyCount "57"]
[EventDate "2016.07.23"]

1. d4 d5 2. c4 c5 3. Nc3 e6 4. cxd5 exd5 5. dxc5 d4 6. Ne4 Bf5 7. Nd6+ Bxd6 8.
cxd6 Qxd6 9. Nf3 Nc6 10. g3 Be4 11. Bf4 Qb4+ 12. Qd2 Rc8 13. Bh3 f5 14. O-O Qb6
15. Ne5 Nf6 16. Rac1 O-O 17. Nxc6 bxc6 18. f3 Bd5 19. Bd6 Rfd8 20. Bc5 Qa6 21.
Bxf5 Rb8 22. b3 g6 23. Bd3 Qc8 24. Bxd4 Qe6 25. Qc3 Rf8 26. e4 Bxe4 27. fxe4
Nxe4 28. Bc4 Nxc3 29. Bxe6+ 1-0

[Event "Xtracon Chess Open 2016"]
[Site "Elsinore"]
[Date "2016.07.24"]
[Round "3.178"]
[White "Kvaloy, Ola"]
[Black "Birkestrand, Odd H"]
[Result "1/2-1/2"]
[WhiteElo "1408"]
[BlackElo "1676"]
[PlyCount "44"]
[EventDate "2016.07.23"]

1. d4 f5 2. Nf3 Nf6 3. e3 e6 4. Bd3 d5 5. O-O Be7 6. b3 O-O 7. Bb2 Nbd7 8. Nbd2
h6 9. Ne5 Qe8 10. f4 Nxe5 11. fxe5 Nh7 12. Rf3 Ng5 13. Rg3 Bd7 14. Be2 Kh8 15.
h4 Ne4 16. Nxe4 fxe4 17. Bh5 Qd8 18. Qg4 Rg8 19. Rh3 Rf8 20. Rg3 Rg8 21. Rh3
Rf8 22. Rg3 Rg8 1/2-1/2

[Event "Xtracon Chess Open 2016"]
[Site "Elsinore"]
[Date "2016.07.24"]
[Round "3.179"]
[White "Thybo, Jan"]
[Black "Madsen, Dennis"]
[Result "0-1"]
[WhiteElo "1382"]
[BlackElo "1665"]
[PlyCount "38"]
[EventDate "2016.07.23"]

1. e4 d5 2. exd5 Nf6 3. Nc3 Nxd5 4. Nxd5 Qxd5 5. Nf3 Bg4 6. Be2 e6 7. h4 Bh5 8.
b3 Be7 9. Bb2 O-O 10. c4 Qc6 11. O-O Qb6 12. d4 c5 13. d5 Nd7 14. dxe6 Qxe6 15.
Qd5 Qxe2 16. Qxd7 Bxf3 17. gxf3 Rad8 18. Rae1 Qxe1 19. Qxd8 Qxf1+ 0-1

[Event "Xtracon Chess Open 2016"]
[Site "Elsinore"]
[Date "2016.07.24"]
[Round "3.180"]
[White "Hviid, Hans Henrik"]
[Black "Madsen, Svend"]
[Result "0-1"]
[WhiteElo "1367"]
[BlackElo "1638"]
[PlyCount "100"]
[EventDate "2016.07.23"]

1. d4 Nf6 2. g3 g6 3. Bg2 Bg7 4. Nf3 d6 5. O-O O-O 6. Nc3 Nbd7 7. e4 e5 8. Bg5
h6 9. Bxf6 Bxf6 10. dxe5 dxe5 11. Nd5 Bg7 12. Ne3 c6 13. Qd6 Nb6 14. Qxd8 Rxd8
15. b3 Kf8 16. Rad1 Be6 17. Nd2 Ke8 18. Ndc4 Nxc4 19. Nxc4 Bxc4 20. bxc4 Rxd1
21. Rxd1 Rd8 22. Rxd8+ Kxd8 23. Bf1 Kc7 24. Bd3 Kb6 25. Kf1 Ka5 26. Be2 Ka4 27.
c5 Bf8 28. Bc4 f6 29. f4 Kb4 30. Bb3 Bxc5 31. Ke2 Kc3 32. Kd1 Kd4 33. f5 g5 34.
Be6 Kxe4 35. Bc8 Bg1 36. h3 Kf3 37. Ke1 Kxg3 38. Kf1 Bd4 39. Bxb7 Kxh3 40. Bxc6
Kg4 41. Bd7 h5 42. Kg2 h4 43. c4 h3+ 44. Kh1 Kh4 45. Bc6 g4 46. a4 g3 47. a5
g2+ 48. Bxg2 hxg2+ 49. Kxg2 Kg5 50. Kf3 Kxf5 0-1

[Event "Xtracon Chess Open 2016"]
[Site "Elsinore"]
[Date "2016.07.24"]
[Round "3.181"]
[White "Hansen, Simon L"]
[Black "Tjora, Alexander"]
[Result "1-0"]
[WhiteElo "1636"]
[BlackElo "1411"]
[PlyCount "91"]
[EventDate "2016.07.23"]

1. Nf3 Nf6 2. g3 d5 3. Bg2 c6 4. d4 Bg4 5. Bf4 e6 6. c4 Bb4+ 7. Nc3 Qa5 8. Bd2
Bxf3 9. Bxf3 dxc4 10. a3 Bxc3 11. Bxc3 Qc7 12. e4 Nbd7 13. O-O O-O 14. Rc1 Rad8
15. Qe1 Rfe8 16. Ba5 b6 17. Bb4 b5 18. Qc3 Rc8 19. b3 cxb3 20. Qxb3 Qb6 21.
Rfd1 e5 22. dxe5 Nxe5 23. Bg2 Nc4 24. Re1 Qd4 25. Bc3 Qd6 26. f4 Qxa3 27. Qxa3
Nxa3 28. Bxf6 gxf6 29. Re2 Nc4 30. Rce1 Red8 31. e5 fxe5 32. fxe5 Rd2 33. Re4
a5 34. e6 fxe6 35. Rxe6 Rd6 36. Re7 Rf6 37. Bh3 Rb8 38. Rc7 Nd2 39. Ree7 Rh6
40. Rg7+ Kh8 41. Bg2 Rb6 42. Rgd7 Rg6 43. Rxd2 Rg7 44. Rd8+ Rg8 45. Rdd7 Re8
46. Bxc6 1-0

[Event "Xtracon Chess Open 2016"]
[Site "Elsinore"]
[Date "2016.07.24"]
[Round "3.182"]
[White "Rygg, Andreas Gangstad"]
[Black "Frederiksen, Jacob"]
[Result "1-0"]
[WhiteElo "1631"]
[BlackElo "1382"]
[PlyCount "73"]
[EventDate "2016.07.23"]

1. e4 c5 2. b3 e6 3. Bb2 Nf6 4. e5 Nd5 5. Nc3 Ne7 6. Ne4 Ng6 7. Nf3 Be7 8. Nd6+
Bxd6 9. exd6 O-O 10. d4 Qa5+ 11. c3 cxd4 12. b4 Qb6 13. Qxd4 Qxd4 14. Nxd4 a6
15. c4 Nc6 16. Nxc6 bxc6 17. c5 a5 18. a3 Ba6 19. Bxa6 Rxa6 20. Kd2 Rb8 21. Bc3
Nf4 22. Rhb1 a4 23. Kc2 Ra7 24. Re1 f5 25. g3 Nd5 26. h3 h5 27. Rg1 Kf7 28. g4
Nxc3 29. Kxc3 g6 30. gxh5 gxh5 31. Rg5 Rh8 32. Rag1 Rh7 33. Rg8 Kf6 34. f4 h4
35. Rc8 Rg7 36. Rxg7 Kxg7 37. Rc7 1-0

[Event "Xtracon Chess Open 2016"]
[Site "Elsinore"]
[Date "2016.07.24"]
[Round "3.183"]
[White "Cithu, Arjun Vijay"]
[Black "Skjoldager, Morten"]
[Result "0-1"]
[WhiteElo "1330"]
[BlackElo "1629"]
[PlyCount "126"]
[EventDate "2016.07.23"]

1. e4 e5 2. Nf3 Nc6 3. d4 exd4 4. Bc4 h6 5. c3 dxc3 6. Qd5 Qf6 7. Nxc3 Bb4 8.
Bd2 Nge7 9. Qd3 a6 10. a3 Bc5 11. b4 Bb6 12. O-O d6 13. Ne2 O-O 14. Bc3 Ne5 15.
Nxe5 dxe5 16. Kh1 Qd6 17. Qg3 Ng6 18. Rad1 Qf6 19. f4 Be6 20. Bxe6 fxe6 21. f5
Nh8 22. Bxe5 Qg5 23. Qxg5 hxg5 24. Rd7 Rf7 25. Rxf7 Kxf7 26. fxe6+ Kxe6 27.
Bxg7 Rd8 28. h3 Nf7 29. Rf6+ Ke7 30. Rf5 Rd2 31. Nc3 c6 32. Bf6+ Ke8 33. Bxg5
Nxg5 34. Rxg5 Rc2 35. Na4 Rc1+ 36. Kh2 Bc7+ 37. e5 Re1 38. Nc5 Bxe5+ 39. g3
Re2+ 40. Kg1 Bb2 41. Nd3 Bxa3 42. Rg8+ Kd7 43. Nc5+ Ke7 44. Rg4 a5 45. Rg7+ Kf6
46. Rxb7 axb4 47. Rb6 Ke7 48. Rxc6 Rc2 49. Rc7+ Kd6 50. Rd7+ Kc6 51. Rd1 Kxc5
52. h4 Rc1 53. Rxc1+ Bxc1 54. h5 b3 55. h6 Bxh6 56. Kf2 b2 57. Kf3 b1=Q 58. Ke2
Qe4+ 59. Kf2 Kd4 60. Kf1 Qc2 61. Ke1 Ke4 62. Kf1 Kf3 63. Ke1 Qe2# 0-1

[Event "Xtracon Chess Open 2016"]
[Site "Elsinore"]
[Date "2016.07.24"]
[Round "3.184"]
[White "Skaale, Janus"]
[Black "Hina, Ariza"]
[Result "1-0"]
[WhiteElo "1628"]
[BlackElo "1370"]
[PlyCount "89"]
[EventDate "2016.07.23"]

1. e4 e5 2. Nf3 Nc6 3. Bc4 Nf6 4. d3 Bc5 5. c3 d6 6. h3 Be6 7. Bb3 O-O 8. O-O
Qd7 9. Bxe6 fxe6 10. Be3 Bb6 11. Nbd2 Qf7 12. d4 exd4 13. Nxd4 Nxd4 14. cxd4 e5
15. dxe5 dxe5 16. Qe2 Ba5 17. Nc4 Bb6 18. Bxb6 axb6 19. Nxe5 Qe6 20. f4 Rxa2
21. Rxa2 Qxa2 22. Rc1 c6 23. g3 Ra8 24. Nc4 Qb3 25. Kg2 Ra2 26. Rc2 Qb4 27. Qd3
b5 28. Qd8+ Qf8 29. Qxf8+ Kxf8 30. Nd6 Ra6 31. Kf3 Ra7 32. g4 Ne8 33. Nxe8 Kxe8
34. e5 Ke7 35. f5 Ra4 36. Rd2 Rb4 37. Kg3 Re4 38. e6 g6 39. Rd7+ Kf6 40. Rf7+
Ke5 41. e7 Kd6 42. f6 Re6 43. Rf8 Rxe7 44. fxe7 Kxe7 45. Rb8 1-0

[Event "Xtracon Chess Open 2016"]
[Site "Elsinore"]
[Date "2016.07.24"]
[Round "3.185"]
[White "Svane, Freja"]
[Black "van den Brink, Nienke"]
[Result "0-1"]
[WhiteElo "1302"]
[BlackElo "1612"]
[PlyCount "58"]
[EventDate "2016.07.23"]

1. d4 Nf6 2. c4 c5 3. Nf3 cxd4 4. Nxd4 d5 5. Bf4 e6 6. Nb5 Na6 7. Qa4 Bd7 8.
Qb3 Rc8 9. cxd5 Nxd5 10. Bd2 Bb4 11. N1c3 Bxb5 12. Nxb5 Bxd2+ 13. Kxd2 Ndb4+
14. Ke1 Nc2+ 15. Qxc2 Rxc2 16. Rd1 Qa5+ 17. Nc3 Rxc3 18. bxc3 Qxc3+ 19. Rd2 O-O
20. e3 Rd8 21. Ke2 Rxd2+ 22. Kf3 Qf6+ 23. Kg3 Nc5 24. Bd3 Qxf2+ 25. Kg4 Nxd3
26. Rd1 Qxg2+ 27. Kh4 Qxh2+ 28. Kg4 Ne5+ 29. Kg5 Rg2# 0-1

[Event "Xtracon Chess Open 2016"]
[Site "Elsinore"]
[Date "2016.07.24"]
[Round "3.186"]
[White "Horslund, Mikael"]
[Black "Jacobsen, Harald Kittel Lytom"]
[Result "1-0"]
[WhiteElo "1604"]
[BlackElo "1343"]
[PlyCount "41"]
[EventDate "2016.07.23"]

1. e4 e5 2. Nf3 Nc6 3. Bb5 Nf6 4. d3 a6 5. Bxc6 dxc6 6. Nxe5 Bc5 7. O-O Bd4 8.
Nf3 Bg4 9. Nbd2 Bxf3 10. Nxf3 Qd6 11. Nxd4 Qxd4 12. Rb1 h5 13. Be3 Qd6 14. f4
Ng4 15. Qe2 g5 16. e5 Qh6 17. fxg5 Qe6 18. Bf4 h4 19. h3 Nxe5 20. Qxe5 O-O-O
21. Qxc7# 1-0